| 000 | 00490nam a2200169Ia 4500 | ||
|---|---|---|---|
| 999 |
_c11983 _d11983 |
||
| 003 | OSt | ||
| 005 | 20201022115226.0 | ||
| 008 | 190216s9999||||xx |||||||||||||| ||und|| | ||
| 040 | _coclc | ||
| 082 |
_a915.98 _bVAI/I |
||
| 100 |
_aVaidya, Suresh _96054 |
||
| 245 | 0 |
_aIslands Of The Marigold Sun / _cSuresh Vaidya |
|
| 260 |
_bOrient Paperbacks, _c1960. _aNew Delhi: |
||
| 300 | _a187p | ||
| 650 | _aEnglish Stories | ||
| 942 |
_cBK _2ddc _h915.98 _iVAI/I _k915.98 _mVAI/I |
||